Holiday Quiz

Random Holiday or Celebrity Quiz
Score 0/15 Timer 03:00
0 Plays Today
% Correct
Michelle & Barack Obama
99.5%
Queen Elizabeth II & Prince Philip
88.1%
Tom Cruise
87.2%
Bill Clinton
85.4%
Bono
83.1%
Conan O'Brien
73.7%
Usher
65.6%
Pierce Brosnan
61%
% Correct
Gwyneth Paltrow
59.1%
Tom Jones & Ronan Keating
47.4%
David Cameron
39.9%
Ronnie Wood
28.3%
Nick Offerman
27.8%
Darren Clarke
10.5%
Chris Hadfield
6%
Remove Ads.
Support Sporcle.
Get the best of Sporcle when you Go Orange. This ad-free experience offers more features, more stats, and more fun while also helping to support Sporcle. Thank you for becoming a member.

You're not logged in!

Compare scores with friends on all Sporcle quizzes.
OR
Log In

Show Comments

Extras

Top Quizzes Today


Score Distribution

Your Account Isn't Verified!

In order to create a playlist on Sporcle, you need to verify the email address you used during registration. Go to your Sporcle Settings to finish the process.

Report this User

Report this user for behavior that violates our Community Guidelines.

Details: